Medical microbiology / (Record no. 21416)
[ view plain ]
| 000 -LEADER | |
|---|---|
| fixed length control field | 00816cam a22002775a 4500 |
| 001 - CONTROL NUMBER | |
| control field | 014632903 |
| 003 - CONTROL NUMBER IDENTIFIER | |
| control field | OSt |
| 005 - DATE AND TIME OF LATEST TRANSACTION | |
| control field | 20160315114546.0 |
| 008 - FIXED-LENGTH DATA ELEMENTS--GENERAL INFORMATION | |
| fixed length control field | 080410t2009 nyua fr 001 0 eng d |
| 010 ## - LIBRARY OF CONGRESS CONTROL NUMBER | |
| LC control number | 2008008352 |
| 020 ## - INTERNATIONAL STANDARD BOOK NUMBER | |
| International Standard Book Number | 9780071476614 (pbk.) |
| 020 ## - INTERNATIONAL STANDARD BOOK NUMBER | |
| International Standard Book Number | 007147661X (pbk.) |
| 040 ## - CATALOGING SOURCE | |
| Original cataloging agency | StDuBDS |
| Language of cataloging | eng |
| Transcribing agency | StDuBDS |
| Modifying agency | Uk |
| -- | EG-ScBUE |
| 082 04 - DEWEY DECIMAL CLASSIFICATION NUMBER | |
| Classification number | 616.9041 |
| Edition number | 22 |
| Item number | CHA |
| 100 1# - MAIN ENTRY--PERSONAL NAME | |
| Personal name | Chamberlain, Neal R. |
| 9 (RLIN) | 39556 |
| 245 10 - TITLE STATEMENT | |
| Title | Medical microbiology / |
| Statement of responsibility, etc | by Neal R. Chamberlain. |
| 260 ## - PUBLICATION, DISTRIBUTION, ETC. (IMPRINT) | |
| Place of publication, distribution, etc | New York : |
| Name of publisher, distributor, etc | McGraw-Hill Medical, |
| Date of publication, distribution, etc | c.2009. |
| 300 ## - PHYSICAL DESCRIPTION | |
| Extent | x, 445 p. : |
| Other physical details | ill. (col.) ; |
| Dimensions | 28 cm. |
| 490 0# - Series Statement | |
| Series statement | The big picture. |
| 500 ## - GENERAL NOTE | |
| General note | Includes Internet access. |
| 500 ## - GENERAL NOTE | |
| General note | Index : p. 419-445. |
| 650 #7 - SUBJECT ADDED ENTRY--TOPICAL TERM | |
| Topical term or geographic name as entry element | Medical microbiology. |
| Source of heading or term | BUEsh |
| 9 (RLIN) | 12324 |
| 651 ## - SUBJECT ADDED ENTRY--GEOGRAPHIC NAME | |
| Source of heading or term | BUEsh |
| 653 ## - INDEX TERM--UNCONTROLLED | |
| Resource For college | Pharmacy |
| Arrived date list | March2016 |
| 942 ## - ADDED ENTRY ELEMENTS (KOHA) | |
| Source of classification or shelving scheme | Dewey Decimal Classification |
| Withdrawn status | Item status | Source of classification or shelving scheme | Damaged status | Not for loan | Vendor | Home library | Current library | Shelving location | Date acquired | Source of acquisition | Cost, normal purchase price | Serial Enumeration / chronology | Total Checkouts | Total Renewals | Full call number | Barcode | Date last seen | Date last borrowed | Koha item type |
|---|---|---|---|---|---|---|---|---|---|---|---|---|---|---|---|---|---|---|---|
| Dewey Decimal Classification | Central Library | Central Library | First floor | 15/03/2016 | Purchase | 325.00 | 1 | 2 | 23 | 616.9041 CHA | 000032045 | 15/07/2025 | 14/01/2018 | Book - Borrowing |